| 000 | 004590000a22001690004500 | ||
|---|---|---|---|
| 003 | MACL | ||
| 005 | 20160113131818.0 | ||
| 008 | 160113b xxu||||| |||| 00| 0 eng d | ||
| 040 |
_aMACL _cMACL |
||
| 041 | _aEnglish | ||
| 082 | _a942/BUR | ||
| 100 |
_aBurrows, Montagu _931767 |
||
| 245 | _aThe History of The Foreign Policy of Great Britain | ||
| 260 |
_bWilliam Blackwood & Sons Ltd _c1899 _aLondon |
||
| 650 |
_aHistory _931768 |
||
| 942 |
_cBK _k942/BUR _2ddc |
||
| 999 |
_c36948 _d36948 |
||